Kitten in the cold / (Record no. 9089)

MARC details
000 -LEADER
fixed length control field 00864nam a22002777a 4500
001 - CONTROL NUMBER
control field 9089
003 - CONTROL NUMBER IDENTIFIER
control field FISKH
005 - DATE AND TIME OF LATEST TRANSACTION
control field 20251119121404.0
008 - FIXED-LENGTH DATA ELEMENTS--GENERAL INFORMATION
fixed length control field 251119b cb ||||| |||| 00| 0 eng d
020 ## - INTERNATIONAL STANDARD BOOK NUMBER
International Standard Book Number 9780439096980
040 ## - CATALOGING SOURCE
Original cataloging agency FISKH
Language of cataloging eng
Transcribing agency FISKH
Modifying agency FISKH
050 ## - LIBRARY OF CONGRESS CALL NUMBER
Classification number PZ7.B15
082 ## - DEWEY DECIMAL CLASSIFICATION NUMBER
Classification number 823.914
100 ## - MAIN ENTRY--PERSONAL NAME
Personal name Baglio, Ben M.
Relator term Author
245 ## - TITLE STATEMENT
Title Kitten in the cold /
Statement of responsibility, etc. Ben M. Baglio ; Illustrations by Shelagh McNicholas ; Cover illustrations by Mary Ann Lasher
260 ## - PUBLICATION, DISTRIBUTION, ETC.
Place of publication, distribution, etc. New York :
Name of publisher, distributor, etc. Scholastic Inc. ,
Date of publication, distribution, etc. 1996
300 ## - PHYSICAL DESCRIPTION
Extent 132 pages :
Other physical details illustrations ;
Dimensions 20 cm
505 ## - FORMATTED CONTENTS NOTE
Formatted contents note L<br/>
520 ## - SUMMARY, ETC.
Summary, etc. Mandy and James try to find Alex's lost kitten by Christmas.
521 8# - TARGET AUDIENCE NOTE
Target audience note 590<br/>
Source Lexile<br/>
521 8# - TARGET AUDIENCE NOTE
Target audience note L<br/>
Source Raz-Plus<br/>
650 ## - SUBJECT ADDED ENTRY--TOPICAL TERM
Topical term or geographic name entry element Animal stories
Form subdivision Christmas
700 ## - ADDED ENTRY--PERSONAL NAME
Personal name McNicholas, Shelagh
Relator term Illustrator
942 ## - ADDED ENTRY ELEMENTS (KOHA)
Source of classification or shelving scheme Dewey Decimal Classification
Koha item type Books
Suppress in OPAC No
Holdings
Withdrawn status Lost status Source of classification or shelving scheme Damaged status Not for loan Home library Current library Shelving location Date acquired Total Checkouts Full call number Barcode Date last seen Copy number Price effective from Koha item type
    Dewey Decimal Classification     Footprints International School Library Network Toul Tom Poung Campus Footprints International School Library Network Toul Tom Poung Campus TTP Primary Yellow Bookshelves 11/19/2025   BAG 823.914 PZ7.B15 FIS01722 11/19/2025 1 11/19/2025 Books